Business Statistics 4/e
Saved in:
| Main Author: | |
|---|---|
| Format: | Book |
| Published: |
Pearson
|
| Tags: |
No Tags, Be the first to tag this record!
|
MARC
| LEADER | 00000nam a2200000Ia 4500 | ||
|---|---|---|---|
| 005 | 20260513122049.0 | ||
| 020 | |a 9781292269313 | ||
| 100 | |a Sharpe | ||
| 365 | |c £ | ||
| 365 | |b 25.00 | ||
| 942 | |c BK | ||
| 245 | |a Business Statistics 4/e | ||
| 260 | |b Pearson | ||
| 999 | |c 3 |d 3 | ||
| 952 | |0 0 |1 0 |4 0 |7 0 |a UNSW |b UNSW |d 2026-04-29 |g 76.99 |i 16669 |l 0 |p 000019 |r 2026-05-13 12:20:49 |v 76.99 |w 2026-05-13 |y BK | ||